[Event "Augsburg Afro op-A 18th"]
[Site "Augsburg"]
[Date "2011.08.06"]
[Round "5"]
[White "Riedel, Lutz"]
[Black "Urbach, Isaak"]
[Result "1/2-1/2"]
[WhiteElo "2131"]
[BlackElo "1977"]
[PlyCount "97"]
[EventDate "2011.08.04"]
[EventType "swiss"]
[EventRounds "7"]
[EventCountry "GER"]
[SourceTitle "EXT 2015"]
[Source "ChessBase"]
[SourceDate "2014.11.20"]
[SourceVersion "1"]
[SourceVersionDate "2014.11.20"]
[SourceQuality "1"]

1. Nf3 g6 2. e4 Bg7 3. d4 c5 4. d5 d6 5. h3 Bd7 6. a4 Na6 7. Nc3 Nc7 8. Bc4 a6 9. Qe2 b5 10. axb5 axb5 11. Rxa8 Qxa8 12. e5 bxc4 13. exd6 Nxd5 14. 0-0 Nxc3 15. bxc3 e6 16. Qxc4 Qc6 17. Bf4 f6 18. Rb1 Kf7 19. Ra1 Nh6 20. Ra7 Rc8 21. Nd4 cxd4 22. Qxc6 Rxc6 23. Rxd7+ Ke8 24. Re7+ Kd8 25. Rxg7 Nf5 26. Rxh7 e5 27. cxd4 exf4 28. Rf7 Rxd6 29. c3 Ke8 30. Rc7 Rd7 31. Rc6 Ke7 32. Kf1 Rd6 33. Rc7+ Ke6 34. Ke2 Ra6 35. Kd3 Ra2 36. Rc6+ Ke7 37. g4 fxg3 38. fxg3 Nxg3 39. d5 Nf5 40. Re6+ Kf7 41. Rb6 Rh2 42. Rb7+ Kf8 43. Rb8+ Kg7 44. Rb7+ Kh6 45. Rb6 Rxh3+ 46. Kc4 Kg5 47. d6 Nxd6+ 48. Rxd6 Kf5 49. Kd4 1/2-1/2

[Event "Landesliga Sued 0910"]
[Site "Bayern"]
[Date "2010.02.07"]
[Round "6.8"]
[White "Schuetzhold, Frank"]
[Black "Urbach, Isaak"]
[Result "1/2-1/2"]
[WhiteElo "1758"]
[BlackElo "1909"]
[PlyCount "38"]
[EventDate "2009.10.18"]
[EventType "team-tourn"]
[EventRounds "9"]
[EventCountry "GER"]
[SourceTitle "EXT 2011"]
[Source "ChessBase"]
[SourceDate "2010.11.26"]
[SourceVersion "1"]
[SourceVersionDate "2010.11.26"]
[SourceQuality "1"]
[WhiteTeam "Tegernsee"]
[BlackTeam "Haunstetten"]
[WhiteTeamCountry "GER"]
[BlackTeamCountry "GER"]

1. b3 g6 2. Bb2 Nf6 3. g3 Bg7 4. e4 d6 5. Bg2 0-0 6. Ne2 c5 7. c4 Nc6 8. d4 cxd4 9. Nxd4 Nxd4 10. Bxd4 Bd7 11. 0-0 Bc6 12. Nc3 Qd7 13. Nd5 Bxd5 14. exd5 b6 15. Re1 Rfe8 16. Qd3 Nh5 17. Bxg7 Nxg7 18. Re2 Rad8 19. Rae1 e5 1/2-1/2

[Event "Landesliga Sued 0708"]
[Site "Bayern"]
[Date "2007.10.21"]
[Round "1.7"]
[White "Giss, Helene"]
[Black "Urbach, Isaak"]
[Result "1-0"]
[WhiteElo "2004"]
[BlackElo "1884"]
[PlyCount "123"]
[EventDate "2007.10.21"]
[EventType "team-tourn"]
[EventRounds "9"]
[EventCountry "GER"]
[SourceTitle "EXT 2009"]
[Source "ChessBase"]
[SourceDate "2008.11.26"]
[SourceVersion "1"]
[SourceVersionDate "2008.11.26"]
[SourceQuality "1"]
[WhiteTeam "Dillingen"]
[BlackTeam "Haunstetten"]
[WhiteTeamCountry "GER"]
[BlackTeamCountry "GER"]

1. e4 g6 2. d4 Bg7 3. Nf3 c6 4. Bd3 d5 5. exd5 cxd5 6. h3 Nc6 7. c3 Nh6 8. 0-0 0-0 9. Bf4 f6 10. c4 Nf7 11. cxd5 Qxd5 12. Nc3 Qd8 13. d5 e5 14. dxe6 Bxe6 15. Re1 Nce5 16. Be4 Qe7 17. Nd5 Bxd5 18. Qxd5 Rad8 19. Qb3 b6 20. Kh1 Kh8 21. Rac1 Rc8 22. Rcd1 Rfd8 23. Bd5 Qf8 24. Nd4 Re8 25. Ne6 Qe7 26. Nxg7 Kxg7 27. Bxe5 fxe5 28. Bxf7 Qxf7 29. Qxf7+ Kxf7 30. Rd7+ Kf6 31. Re2 Rc1+ 32. Kh2 Rec8 33. Rxh7 R8c2 34. Rxc2 Rxc2 35. Rxa7 Rxb2 36. Kg3 b5 37. Ra6+ Kf7 38. Rb6 Rxa2 39. Rxb5 Kf6 40. f3 Rc2 41. Rb4 Ra2 42. h4 Rc2 43. Kh3 Rf2 44. Re4 Ra2 45. Re3 Ra4 46. g4 Ra6 47. Kg3 Ra5 48. Rc3 Rb5 49. Rc7 Rb6 50. g5+ Ke6 51. Rg7 Kd5 52. Rf7 Ra6 53. Rd7+ Ke6 54. Rg7 Kd5 55. Rf7 Rb6 56. h5 Rb1 57. hxg6 Rg1+ 58. Kh4 Rh1+ 59. Kg4 Rg1+ 60. Kf5 Rf1 61. g7 Rxf3+ 62. Kg6 1-0

[Event "Landesliga Sued 0607"]
[Site "Bayern"]
[Date "2007.04.01"]
[Round "8.8"]
[White "Urbach, Isaak"]
[Black "Pappenheim, Rainer"]
[Result "0-1"]
[WhiteElo "1870"]
[BlackElo "1978"]
[PlyCount "71"]
[EventDate "2006.10.15"]
[EventType "team-tourn"]
[EventRounds "9"]
[EventCountry "GER"]
[SourceTitle "EXT 2008"]
[Source "ChessBase"]
[SourceDate "2007.11.25"]
[SourceVersion "1"]
[SourceVersionDate "2007.11.25"]
[SourceQuality "1"]
[WhiteTeam "Haunstetten"]
[BlackTeam "Starnberg"]
[WhiteTeamCountry "GER"]
[BlackTeamCountry "GER"]

1. Nf3 Nf6 2. d4 e6 3. Bf4 c5 4. c3 Qb6 5. Qb3 Nc6 6. Qxb6 axb6 7. e3 Be7 8. Nbd2 d5 9. Bd3 c4 10. Bc2 b5 11. b4 cxb3 12. Bxb3 Ba3 13. Rb1 0-0 14. 0-0 Bd7 15. Rfe1 Rfc8 16. e4 Ne7 17. e5 Ne8 18. Re3 Ng6 19. Bg3 Ra6 20. Bd1 Be7 21. Rb2 Nc7 22. h3 Rca8 23. Bb3 b4 24. c4 dxc4 25. Nxc4 Nd5 26. Ree2 Nc3 27. Rec2 Bc6 28. Nfd2 Nb5 29. Nb1 Nxd4 30. Rd2 Bc5 31. Kh2 Ne7 32. f3 Nxb3 33. axb3 b5 34. Nd6 Nd5 35. Rbc2 Be3 36. Re2 0-1

[Event "Regionalliga SW 0405"]
[Site "Bayern"]
[Date "2005.04.10"]
[Round "9.6"]
[White "Urbach, Isaak"]
[Black "Wittke, Volker"]
[Result "1/2-1/2"]
[WhiteElo "1906"]
[BlackElo "2074"]
[PlyCount "63"]
[EventDate "2004.10.24"]
[EventType "team-tourn"]
[EventRounds "9"]
[EventCountry "GER"]
[SourceTitle "EXT 2007"]
[Source "ChessBase"]
[SourceDate "2006.11.23"]
[SourceVersion "1"]
[SourceVersionDate "2006.11.23"]
[SourceQuality "1"]
[WhiteTeam "Haunstetten"]
[BlackTeam "Garching"]
[WhiteTeamCountry "GER"]
[BlackTeamCountry "GER"]

1. Nf3 Nf6 2. d4 g6 3. Bf4 Bg7 4. e3 0-0 5. Bd3 d6 6. h3 Nbd7 7. e4 c6 8. c3 Qc7 9. e5 Nd5 10. exd6 exd6 11. Bg3 Re8+ 12. Be2 N7f6 13. 0-0 Nh5 14. Bh2 Ndf4 15. Bd3 Be6 16. Ng5 Bd5 17. g4 Qe7 18. h4 Qxg5 19. Bg3 Qf6 20. gxh5 Nxh5 21. Be2 Nf4 22. Bf3 Bc4 23. Re1 Nd3 24. Rxe8+ Rxe8 25. Nd2 Nxb2 26. Qc2 Bh6 27. Qxb2 Bxd2 28. Bxc6 bxc6 29. Qxd2 Qf3 30. Re1 Rxe1+ 31. Qxe1 Bd5 32. Kf1 1/2-1/2

[Event "Regionalliga SW 0405"]
[Site "Bayern"]
[Date "2005.03.13"]
[Round "8.7"]
[White "Urbach, Isaak"]
[Black "Barth, Thomas"]
[Result "1/2-1/2"]
[WhiteElo "1906"]
[BlackElo "1961"]
[PlyCount "46"]
[EventDate "2004.10.24"]
[EventType "team-tourn"]
[EventRounds "9"]
[EventCountry "GER"]
[SourceTitle "EXT 2007"]
[Source "ChessBase"]
[SourceDate "2006.11.23"]
[SourceVersion "1"]
[SourceVersionDate "2006.11.23"]
[SourceQuality "1"]
[WhiteTeam "Haunstetten"]
[BlackTeam "Unterhaching"]
[WhiteTeamCountry "GER"]
[BlackTeamCountry "GER"]

1. Nf3 c5 2. g3 Nc6 3. Bg2 g6 4. d4 cxd4 5. Nxd4 Bg7 6. Nxc6 bxc6 7. 0-0 Nf6 8. c4 Qc7 9. Nc3 Rb8 10. b3 d6 11. Bb2 0-0 12. Ne4 Nxe4 13. Bxg7 Kxg7 14. Bxe4 Bh3 15. Bg2 Bxg2 16. Kxg2 f5 17. f4 Rbd8 18. e4 fxe4 19. Qd4+ e5 20. Qxe4 Rf5 21. fxe5 Rxe5 22. Qd4 Kg8 23. Rf2 Rf8 1/2-1/2

[Event "Augsburg Afro op"]
[Site "Augsburg"]
[Date "2003.08.08"]
[Round "4"]
[White "Urbach, Isaak"]
[Black "Trapp, Maximilian"]
[Result "1/2-1/2"]
[WhiteElo "1929"]
[BlackElo "1606"]
[PlyCount "96"]
[EventDate "2003.08.06"]
[EventType "swiss"]
[EventRounds "7"]
[EventCountry "GER"]
[SourceTitle "EXT 2006"]
[Source "ChessBase"]
[SourceDate "2005.11.24"]
[SourceVersion "1"]
[SourceVersionDate "2005.11.24"]
[SourceQuality "1"]

1. Nf3 e6 2. d4 f5 3. g3 Nf6 4. Bg2 d5 5. Nbd2 Bd6 6. 0-0 0-0 7. c4 c6 8. c5 Bc7 9. b4 Ne4 10. Nxe4 fxe4 11. Ne5 Nd7 12. Nxd7 Bxd7 13. a3 e5 14. Bb2 Qe7 15. Qb3 Kh8 16. f3 exf3 17. exf3 exd4 18. Bxd4 Rae8 19. f4 Qf7 20. Rae1 Rxe1 21. Rxe1 Re8 22. Qc3 Rxe1+ 23. Qxe1 Kg8 24. Be5 Qe8 25. Kf2 Bxe5 26. Qxe5 Qxe5 27. fxe5 Kf7 28. Ke3 g5 29. Bf1 h6 30. Bd3 Ke7 31. Kd4 Ke6 32. a4 a6 33. Be2 Ke7 34. Bf3 Be8 35. b5 a5 36. Be2 Bg6 37. Bd1 Bf5 38. Bb3 Ke6 39. b6 Be4 40. Bd1 Bf5 41. Be2 Ke7 42. Ba6 Bc8 43. Bd3 Be6 44. Be2 Bf5 45. g4 Be6 46. h3 Bd7 47. Bd3 Bc8 48. Bh7 Bd7 1/2-1/2

[Event "Oberliga Bayern 0203"]
[Site "Bayern"]
[Date "2003.03.30"]
[Round "9.7"]
[White "De Francesco, Klaus"]
[Black "Urbach, Isaak"]
[Result "1-0"]
[WhiteElo "2161"]
[BlackElo "1948"]
[PlyCount "83"]
[EventDate "2002.10.20"]
[EventType "team"]
[EventRounds "9"]
[EventCountry "GER"]
[SourceTitle "EXT 2004"]
[Source "ChessBase"]
[SourceDate "2003.11.25"]
[SourceVersion "1"]
[SourceVersionDate "2003.11.25"]
[SourceQuality "1"]
[WhiteTeam "Pasing"]
[BlackTeam "Haunstetten"]
[WhiteTeamCountry "GER"]
[BlackTeamCountry "GER"]

1. d4 Nf6 2. Nf3 g6 3. Bf4 Bg7 4. e3 d6 5. h3 Nbd7 6. Be2 c6 7. c3 Qc7 8. 0-0 e5 9. Bh2 e4 10. Nfd2 0-0 11. Qc2 Re8 12. c4 c5 13. d5 b5 14. Nc3 bxc4 15. Nb5 Qb6 16. Nxd6 Ba6 17. Nxe8 Rxe8 18. Bxc4 Bb7 19. d6 Ne5 20. Bxe5 Rxe5 21. Bxf7+ Kxf7 22. Nc4 Qb5 23. Nxe5+ Ke6 24. d7 Nxd7 25. Nxd7 Kxd7 26. Rad1+ Ke6 27. Rd8 Be5 28. Rfd1 Bc6 29. b3 Bc7 30. Rc8 Be5 31. Qc4+ Qxc4 32. bxc4 Ba4 33. Rd5 Bd6 34. Rh8 Bc6 35. Rd2 Be5 36. Rxh7 a5 37. Ra7 Bc3 38. Rd8 Ba4 39. Ra6+ Ke7 40. Rc8 Bb4 41. Rc7+ Kd8 42. Rg7 1-0

[Event "Augsburg Afro Seniors op 9th"]
[Site "Augsburg"]
[Date "2002.08.11"]
[Round "7"]
[White "Urbach, Isaak"]
[Black "Bolkart, Timo"]
[Result "0-1"]
[WhiteElo "1929"]
[BlackElo "1653"]
[PlyCount "47"]
[EventDate "2002.08.08"]
[EventType "swiss"]
[EventRounds "7"]
[EventCountry "GER"]
[SourceTitle "EXT 2007"]
[Source "ChessBase"]
[SourceDate "2006.11.23"]
[SourceVersion "1"]
[SourceVersionDate "2006.11.23"]
[SourceQuality "1"]

1. Nf3 d5 2. d4 Nf6 3. Bf4 Bf5 4. e3 e6 5. Bd3 Bg6 6. Ne5 Bb4+ 7. c3 Bd6 8. Nxg6 fxg6 9. Qc2 0-0 10. Nd2 Nh5 11. Bg3 Qf6 12. Nf3 Nxg3 13. hxg3 Nd7 14. 0-0-0 e5 15. dxe5 Nxe5 16. Nxe5 Bxe5 17. f4 Bd6 18. e4 dxe4 19. Bxe4 c6 20. Kb1 Rad8 21. Qf2 Qe7 22. Bc2 Bc5 23. Bb3+ Kh8 24. Rxh7+ 0-1

[Event "Augsburg Afro Seniors op 9th"]
[Site "Augsburg"]
[Date "2002.08.10"]
[Round "6"]
[White "Geilfuss, Albert"]
[Black "Urbach, Isaak"]
[Result "0-1"]
[WhiteElo "1696"]
[BlackElo "1929"]
[PlyCount "66"]
[EventDate "2002.08.08"]
[EventType "swiss"]
[EventRounds "7"]
[EventCountry "GER"]
[SourceTitle "EXT 2007"]
[Source "ChessBase"]
[SourceDate "2006.11.23"]
[SourceVersion "1"]
[SourceVersionDate "2006.11.23"]
[SourceQuality "1"]

1. e4 e6 2. d4 d5 3. Nc3 Bb4 4. e5 c5 5. a3 cxd4 6. axb4 dxc3 7. Nf3 Qc7 8. bxc3 Qxc3+ 9. Bd2 Qc7 10. Bd3 f6 11. Qe2 Nc6 12. exf6 Nxf6 13. b5 Nd8 14. Bb4 b6 15. 0-0 Nb7 16. Ne5 Nc5 17. Rfe1 0-0 18. h4 Re8 19. f4 Bb7 20. Qf2 Nfd7 21. Qg3 Ne4 22. Qh2 Nxe5 23. fxe5 Nc5 24. Qg3 a5 25. Ba3 Rac8 26. Rac1 Qd7 27. Bf1 Ne4 28. Qg4 Rc3 29. Bb2 Rg3 30. Qd1 Qe7 31. Bd4 Qxh4 32. Bxb6 Ng5 33. Be3 Nh3+ 0-1

[Event "Bayern-ch Seniors 13th"]
[Site "Schloss Schney"]
[Date "2001.??.??"]
[Round "7"]
[White "Thonig, Manfred"]
[Black "Urbach, Isaak"]
[Result "0-1"]
[WhiteElo "1599"]
[BlackElo "1931"]
[PlyCount "74"]
[EventDate "2001.06.??"]
[EventType "swiss"]
[EventRounds "9"]
[EventCountry "GER"]
[SourceTitle "EXT 2006"]
[Source "ChessBase"]
[SourceDate "2005.11.24"]
[SourceVersion "1"]
[SourceVersionDate "2005.11.24"]
[SourceQuality "1"]

1. f4 d5 2. Nf3 Nf6 3. b3 g6 4. Bb2 Bg7 5. e3 0-0 6. Be2 c5 7. 0-0 Nc6 8. Ne5 Qc7 9. d3 Nd7 10. Nxc6 Bxb2 11. Nxe7+ Kh8 12. Nxd5 Qd6 13. Nbc3 Bxa1 14. Qxa1 f6 15. e4 a6 16. Ne3 b5 17. Ng4 Bb7 18. Nd1 Qd4+ 19. Qxd4 cxd4 20. h3 Rac8 21. c3 dxc3 22. Nde3 Kg7 23. Nc2 Rfd8 24. Nd4 Nc5 25. b4 Rxd4 26. bxc5 Rxc5 27. Ne3 Ra4 28. Nc2 Rxa2 29. Nd4 Bc8 30. Bg4 c2 31. Rc1 Bxg4 32. hxg4 Kf7 33. Kf2 b4 34. Ke2 a5 35. Kd2 a4 36. Rxc2 Rcxc2+ 37. Nxc2 b3 0-1

[Event "Bayern-ch Seniors 13th"]
[Site "Schloss Schney"]
[Date "2001.??.??"]
[Round "4"]
[White "Urbach, Isaak"]
[Black "Kaufmann, Helmut"]
[Result "1-0"]
[WhiteElo "1931"]
[BlackElo "1992"]
[PlyCount "117"]
[EventDate "2001.06.??"]
[EventType "swiss"]
[EventRounds "9"]
[EventCountry "GER"]
[SourceTitle "EXT 2006"]
[Source "ChessBase"]
[SourceDate "2005.11.24"]
[SourceVersion "1"]
[SourceVersionDate "2005.11.24"]
[SourceQuality "1"]

1. e4 g6 2. d4 Bg7 3. f4 e6 4. Nf3 b6 5. c4 Bb7 6. Nc3 Ne7 7. Be2 d5 8. cxd5 exd5 9. e5 Nd7 10. Be3 Nf8 11. Rc1 c6 12. Bd3 Bc8 13. Nh4 h5 14. 0-0 Bh6 15. Qe2 Be6 16. Rce1 Qc8 17. f5 gxf5 18. Nxf5 Nxf5 19. Bxf5 Bxf5 20. Rxf5 Ne6 21. Qf2 Bxe3 22. Rxe3 Qd7 23. Ref3 Rh7 24. Qh4 Qe7 25. Qxe7+ Kxe7 26. Ne2 Rg8 27. Ra3 a5 28. Rc3 Kd7 29. Rg3 Rxg3 30. hxg3 Ke7 31. Kf2 h4 32. Rf6 hxg3+ 33. Kxg3 Rg7+ 34. Kf3 Rg5 35. g4 c5 36. Rf5 Rg6 37. dxc5 bxc5 38. Rh5 Rg8 39. Nf4 Ng5+ 40. Ke3 d4+ 41. Kd3 Kd7 42. Rh6 Ne6 43. Nd5 Rg5 44. Nf6+ Kc6 45. Ke4 c4 46. Rh5 d3 47. Ke3 Rg7 48. Kd2 Ng5 49. Ke3 Ne6 50. Rh8 Rg5 51. Rc8+ Kb5 52. Rb8+ Ka6 53. Ra8+ Kb6 54. Rb8+ Ka7 55. Rb5 Ka6 56. Rd5 Kb6 57. b3 cxb3 58. axb3 Nc5 59. Rxc5 1-0

[Event "Bayern-ch Seniors 12th"]
[Site "Schloss Schney"]
[Date "2000.??.??"]
[Round "4"]
[White "Urbach, Isaak"]
[Black "Neese, Hans Joachim"]
[Result "0-1"]
[WhiteElo "1938"]
[BlackElo "2160"]
[PlyCount "118"]
[EventDate "2000.11.02"]
[EventType "swiss"]
[EventRounds "9"]
[EventCountry "GER"]
[SourceTitle "EXT 2002"]
[Source "ChessBase"]
[SourceDate "2001.11.25"]
[SourceVersion "1"]
[SourceVersionDate "2001.11.25"]
[SourceQuality "1"]

1. e4 c5 2. Nc3 Nc6 3. g3 d6 4. Bg2 Nf6 5. d3 e6 6. f4 Be7 7. Nf3 Rb8 8. a4 a6 9. 0-0 0-0 10. h3 Qc7 11. Nh2 b5 12. axb5 axb5 13. Ng4 b4 14. Nb1 Nd4 15. Nd2 Nxg4 16. hxg4 f6 17. Nc4 Bd7 18. b3 Ra8 19. Bb2 Bc6 20. Qd2 Nb5 21. Rfe1 Rxa1 22. Rxa1 Ra8 23. Qe1 Ra7 24. Rxa7 Qxa7 25. Qa1 Qxa1+ 26. Bxa1 Kf7 27. Kf2 Ke8 28. Ke2 Bd8 29. Bf3 Kd7 30. Kd2 d5 31. exd5 exd5 32. Ne3 Ke6 33. f5+ Kd6 34. Ng2 c4 35. bxc4 dxc4 36. Bxc6 c3+ 37. Ke2 Kxc6 38. Nf4 Nd4+ 39. Kd1 Be7 40. Nh5 g6 41. fxg6 hxg6 42. Nf4 g5 43. Nh3 Bd6 44. Nf2 Be5 45. Ne4 Nb5 46. Ke2 Bd4 47. Ke1 Kd5 48. Kd1 Nd6 49. Nxd6 Kxd6 50. Ke2 Kc5 51. Kf3 b3 52. Bxc3 Bxc3 53. cxb3 Kd4 54. Ke2 Bb4 55. Kf2 Kxd3 56. Kf3 Bc5 57. Kg2 Ke2 58. Kh2 Kf2 59. Kh3 Kf3 0-1